Йога и процветание (Запись № 571250)

Подробности
000 -МАРКЕР
контрольное поле 01813nam0a2200337 4500
001 - ИДЕНТИФИКАТОР ЗАПИСИ
контрольное поле RU\NLR\bibl\1307514
005 - ИДЕНТИФИКАТОР ВЕРСИИ
контрольное поле 20260405182243.0
010 ## - МЕЖДУНАРОДНЫЙ СТАНДАРТНЫЙ НОМЕР КНИГИ (ISBN)
Номер (ISBN) 978-5-903084-13-5
021 ## - НОМЕР ГОСУДАРСТВЕННОЙ РЕГИСТРАЦИИ
Код страны Российская Федерация
Номер 2008-82829
Номер Листа государственной регистраци 4826
035 ## - ДРУГИЕ СИСТЕМНЫЕ НОМЕРА
Идентификатор записи (NLR Aleph) 001293011
100 ## - ДАННЫЕ ОБЩЕЙ ОБРАБОТКИ
Данные общей обработки 20081212d2008 |||y0rusy50 ca
101 1# - ЯЗЫК РЕСУРСА
Язык текста, звукозаписи и т.д. русский
Язык оригинала английский
102 ## - СТРАНА ПУБЛИКАЦИИ ИЛИ ПРОИЗВОДСТВА
Страна публикации Российская Федерация
105 ## - ПОЛЕ КОДИРОВАННЫХ ДАННЫХ: ТЕКСТОВЫЕ МАТЕРИАЛЫ, МОНОГРАФИЧЕСКИЕ
Кодированные данные о монографическом текстовом документе a |||||||||
200 1# - ЗАГЛАВИЕ И СВЕДЕНИЯ ОБ ОТВЕТСТВЕННОСТИ
Основное заглавие Йога и процветание
Сведения, относящиеся к заглавию обогатите свою жизнь через практику медитации и йогу
-- [альманах
Первые сведения об ответственности пер. с англ. Хари Картар Каур Хальса]
205 ## - СВЕДЕНИЯ ОБ ИЗДАНИИ
Сведения об издании [Изд. 4-е]
210 ## - ПУБЛИКАЦИЯ, РАСПРОСТРАНЕНИЕ И ДР.
Место издания, распространения и т.д. [Тула]
Имя издателя, распространителя и т. д. Yoga X Press
Дата издания, распространения и т.д. 2008
215 ## - ФИЗИЧЕСКАЯ ХАРАКТЕРИСТИКА
Специфическое обозначение материала и объем 208 с.
Другие сведения о физической характеристике ил.
Размеры 20
225 1# - СЕРИЯ
Основное заглавие серии Кундалини йога школы Йога Бхаджана
327 1# - ПРИМЕЧАНИЯ О СОДЕРЖАНИИ
Текст примечания Содерж.: Йога для процветания / Сири Кирпал Каур Хальса. Лекции о процветании / Йоги Бхаджан
464 #0 - АНАЛИТИЧЕСКИЙ УРОВЕНЬ
Встроенное поле 2001#$aЙога для процветания
-- 700#1$3RU\NLR\auth\7779002$aХальса$bС. К. К.$gСири Кирпал Каур$4070
Заглавие Йога для процветания
Автор Хальса, Сири Кирпал Каур
464 #0 - АНАЛИТИЧЕСКИЙ УРОВЕНЬ
Встроенное поле 2001#$aЛекции о процветании
-- 700#1$3RU\NLR\auth\7733447$aБхаджан$bБ.$gБхагвандат$4070
Заглавие Лекции о процветании
Автор Бхаджан, Бхагвандат
606 1# - НАИМЕНОВАНИЕ ТЕМЫ КАК ПРЕДМЕТ
Наименование темы Гимнастика йогов
Системный номер авторитетной/нормативной записи 1348832
Идентификатор авторитетной/нормативной записи RU\NLR\auth\66248320
686 ## - ИНДЕКСЫ ДРУГИХ КЛАССИФИКАЦИЙ
Индекс Ч516.914.2
702 #1 - ИМЯ ЛИЦА - ВТОРИЧНАЯ ОТВЕТСТВЕННОСТЬ
Код отношения Переводчик
Графика поля Кириллица
Материалы, к которым относится поле rus
Начальный элемент ввода Хальса
Часть имени, кроме начального элемента ввода Х. К. К.
Расширение инициалов личного имени Хари Картар Каур
Системный номер авторитетной/нормативной записи 61934
Идентификатор авторитетной/нормативной записи RU\NLR\auth\7779006
801 #0 - ИСТОЧНИК ЗАПИСИ
Страна Российская Федерация
Организация NLR
Дата составления 20081212
Правила каталогизации RCR
801 #1 - ИСТОЧНИК ЗАПИСИ
Страна Российская Федерация
Организация NLR
Дата составления 20081212
942 ## - ДОПОЛНИТЕЛЬНЫЕ ЭЛЕМЕНТЫ ЗАПИСИ (АБИС)
Тип экземпляра АБИС Книга
980 ## - КОЛЛЕКЦИЯ
Название коллекции Национальная библиография
Экземпляры
Тип экземпляра Дата поступления Источник поступления Библиотека постоянного хранения Библиотека текущего хранения Место хранения Шифр хранения Штрих-код Статус экземпляра
Книга 12.12.2008 Обязательный экземпляр РНБ (Московский) РНБ (Московский) Русский книжный фонд: издания с 1957 года 2008-3/36959 1-1661874  
Книга 12.12.2008 Обязательный экземпляр РНБ (Московский) РНБ (Московский) Русский книжный фонд: издания с 1957 года 2008-3/36959 2813631